|
|
|
|
| LEADER |
01029nam a2200253 a 4500 |
| 001 |
GR-MES1800 |
| 008 |
991111s1994 enk b 001 b eng d |
| 020 |
|
|
|a 0077076133
|
| 040 |
|
|
|a GrPaTEI
|b gre
|c GR-PaULI
|
| 245 |
0 |
0 |
|a Retailing of financial services.
|
| 260 |
|
|
|a London :
|b McGraw-Hill,
|c 1994
|
| 300 |
|
|
|a 299σ. :
|b πίν.,διαγρ.
|
| 504 |
|
|
|a Περιλαμβάνει βιβλιογραφικές παραπομπές και ευρετήριο.
|
| 650 |
|
4 |
|a Βιομηχανία
|
| 650 |
|
4 |
|a ΕΞΥΠΗΡΕΤΗΣΗ ΠΕΛΑΤΩΝ
|
| 650 |
|
4 |
|a Μάνατζμεντ
|
| 650 |
|
4 |
|a ΧΡΗΜΑΤΟΟΙΚΟΝΟΜΙΚΕΣ ΥΠΗΡΕΣΙΕΣ
|
| 700 |
1 |
|
|a Greenland, Steven
|
| 700 |
1 |
|
|a McGoldrick, Peter
|
| 710 |
0 |
|
|a McGraw-Hill
|
| 942 |
|
|
|2 ddc
|
| 952 |
|
|
|0 0
|1 0
|2 ddc
|4 0
|6 332_106000000000000_88_MCG
|7 0
|9 266089
|a MSLG
|b MSLG
|c BSC
|d 2021-01-17
|e 24
|f 0
|g 0.00
|l 0
|o 332.106 88 MCG
|p 2420000013660
|r 2021-01-17 00:00:00
|t 1
|w 2021-01-17
|y BK15
|x 19991111 0 1
|x GrPaTEI
|
| 971 |
|
|
|a .b25728441
|b 15-04-20
|c 13-09-16
|
| 999 |
|
|
|c 152999
|d 152999
|